ANTOLOGIA DE LA POESIA LIRICA ESPAÑOLA

Guardado en:
Detalles Bibliográficos
Autor principal: Moreno Báez, Enrique (autor)
Formato: Libro
Etiquetas: Agrega una etiqueta
Sin etiquetas, Sé el primero en etiquetar este registro!

MARC

LEADER 00000nam^a2200000^a^4500
001 000209110
005 20250521000000.0
009 20260310103311.419
035 |a 022369 
037 |a Acervo Xavier Clavigero 
082 |a 833. 1  |b MOR 
100 |a Moreno Báez, Enrique  |e (autor) 
245 1 0 |a ANTOLOGIA DE LA POESIA LIRICA ESPAÑOLA 
264 |a MADRID :  |b REVISTA DE OCCIDENTE,  |c 1952 
336 |a texto  |b txt  |2 rdacontenido 
337 |a sin mediación  |b n  |2 rdamedio 
338 |a volumen  |b nc  |2 rdasoporte 
649 |a XX 
910 |a Fondo General 
920 |a Impresos - Libros 
930 |a Colección General 
940 |a Literatura 
905 |a 101 
901 |a 022369  |b IT1  |c LIT  |i 022369  |u 20250521 
902 |a https://opac.biblio.iteso.mx/vufind/Record/000209110